LDR 00724naa#a2200157#i#450# 001 RU\INFRA-M\bibl\14628 005 20260516034819.6 100 ## _a20250114b2025####ek#y0rusy0150####ca 102 ## _aRU 200 1# _aСУЩНОСТЬ ЭФФЕКТИВНОСТИ ТРУДА В ЭКОНОМИКЕ ДАННЫХ _eСтатья/тезисы конференции 210 1# _aМосква _cОбщество с ограниченной ответственностью «Научно-издательский центр ИНФРА-М» _d2025 215 ## _a8 с. 608 ## _aСтатья/тезисы конференции _2local 700 #1 _aЖуравлев _gПавел Викторович 700 #1 _aТагиров _gМ. Р. 856 4# _azh-szf.ru _u